000 00974cam a2200205 4500
001 WB3947-07
008 031211n2003 000 0 eng u
035 _a(Sirsi) u124602
245 _aBarker's review of housing supply
260 _c2003
490 _aHM Treasury Press Release
_v10 December 2003 (3)
520 _a"Securing our future housing needs", the interim report of Kate Barker's review of housing supply, has been launched. The review examines factors that might be limiting the supply of housing arising from industry or policy. The main constraint identified is land supply. Copies of the press release and the review can be viewed at http://www.hm-treasury.gov.uk/newsroom_and_speeches/press/2003/press_barker_03.cfm.
590 _aWB
650 _aHOUSING
650 _aHOUSING SUPPLY
650 _aHOUSE CONSTRUCTION
650 _aBARKER REVIEW OF HOUSING SUPPLY: SECURING OUR FUTURE HOUSING NEEDS
690 _aHOUSING-DEVELOPMENT
942 _n0
999 _c73949
_d73949